000 00630nam a2200217Ia 4500
003 OSt
005 20250917101410.0
008 210719s2005 xx 000 0 und d
040 _cAL
041 _aTulu
082 _aT894.2 RAVM
100 _aRAV (P S)
_d ರಾವ್ (ಪಿ ಎಸ್)
_9239025
245 _aMamigonte kammi
_bಮಾಮಿಗೊಂತೆ ಕಮ್ಮಿ
260 _aMangaluru
_bDurga Prakashana
_c2005
300 _a64
_bPB
365 _b24
_cRs
650 _aTulu samajika nataka
_9239026
650 _aTulu Drama
_9239027
906 _akammi ; Mamigonte ; nataka ; samajika ; Tulu
942 _2ddc
_cBK
999 _c214680
_d214680